Atomic Symbols Multiple Choice #2 - Statistics

General Stats
  • This quiz has been taken 22 times
  • The average score is 14 of 20
Answer Stats
Question Answer % Correct
What is the atomic symbol for Iodine? I
100%
What is the atomic symbol for Krypton? Kr
100%
What is the atomic symbol for Magnesium? Mg
100%
What is the atomic symbol for Nickel? Ni
100%
What is the atomic symbol for Sulfur? S
100%
What is the atomic symbol for Scandium? Sc
100%
What is the atomic symbol for Titanium? Ti
100%
What is the atomic symbol for Boron? B
75%
What is the atomic symbol for Cerium? Ce
75%
What is the atomic symbol for Radium? Ra
75%
What is the atomic symbol for Rubidium? Rb
75%
What is the atomic symbol for Zirconium? Zr
75%
What is the atomic symbol for Dysprosium? Dy
50%
What is the atomic symbol for Germanium? Ge
50%
What is the atomic symbol for Hassium? Hs
50%
What is the atomic symbol for Nobelium? No
50%
What is the atomic symbol for Vanadium? V
50%
What is the atomic symbol for Plutonium? Pu
25%
What is the atomic symbol for Thallium? Tl
25%
What is the atomic symbol for Darmstadtium? Ds
0%
No matching quizzes found
Score Distribution
Percent of People with Each Score
Percentile by Number Answered
Your Score History
You have not taken this quiz